| 000 | 00554nam a2200181Ia 4500 | ||
|---|---|---|---|
| 008 | 180921t2006 xxu||||| |||| 00| 0 sin d | ||
| 041 | _asin | ||
| 080 |
_a523 _bATA |
||
| 100 | _aAtapattu, R.B. | ||
| 245 | _aවිශ්වය සහ අපට පෙනෙන ග්රහලෝක හා තරු | ||
| 246 | _aVishvaya haa apata penena graghalooka haa tharu | ||
| 260 |
_bM.D. Gunasena _aColombo _c2006 |
||
| 300 | _a218p., ill., 18 cm | ||
| 650 | _aSolar system | ||
| 942 | _cBK | ||
| 999 |
_c15279 _d15279 |
||
| 003 | LK-CoDNM | ||
| 040 |
_aLK-CoDNM _dLK-CoDNM _eLK-CoDNM |
||